Medzinárodné zmluvy ako prameň práva Európskej únie bakalárska práca

Gespeichert in:
Bibliographische Detailangaben
1. Verfasser: Husárová, Barbora
Körperschaft: Fakulta medzinárodných vzťahov EU. Katedra medzinárodného práva
Weitere Verfasser: Hurná, Lucia, 1978-
Format: Buch
Sprache:Slowakisch
Veröffentlicht: Bratislava 2013
Tags: Tag hinzufügen
Keine Tags, Fügen Sie das erste Tag hinzu!

MARC

LEADER 00000nbm a2200000 4500
001 0172788
005 20161109112118.1
041 0 |a slo 
044 |a SK 
245 1 0 |a Medzinárodné zmluvy ako prameň práva Európskej únie  |b bakalárska práca  |c Barbora Husárová ; školiteľ: Lucia Hurná 
264 1 |a Bratislava  |c 2013 
300 |a 61 s. 
100 1 |a Husárová, Barbora 
700 1 |a Hurná, Lucia, 1978- 
710 2 |a Fakulta medzinárodných vzťahov EU. Katedra medzinárodného práva